ბათუმის შოთა რუსთაველის სახელმწიფო უნივერსიტეტის ბიბლიოთეკა

Неврологический журнал, №6. том 21. 2016. (ბიბ.ჩანაწერი № 54429)

000 -LEADER
fixed length control field 00684nam a2200229Ia 4500
001 - CONTROL NUMBER
control field 21485
003 - CONTROL NUMBER IDENTIFIER
control field GE_BSU
008 - FIXED-LENGTH DATA ELEMENTS--GENERAL INFORMATION
fixed length control field 181216s||||||||xx |||||||||||||| ||und||
040 ## - CATALOGING SOURCE
Transcribing agency GE_BSU
080 ## - UNIVERSAL DECIMAL CLASSIFICATION NUMBER
Universal Decimal Classification number პერიოდიკა
245 ## - TITLE STATEMENT
Title Неврологический журнал, №6. том 21. 2016.
245 ## - TITLE STATEMENT
Remainder of title Journal of Neorology.
245 ## - TITLE STATEMENT
Statement of responsibility, etc. Гл. ред.Н.Н. ЯХНО и др.
260 ## - PUBLICATION, DISTRIBUTION, ETC.
Place of publication, distribution, etc. Москва
260 ## - PUBLICATION, DISTRIBUTION, ETC.
Name of publisher, distributor, etc. Медицина
260 ## - PUBLICATION, DISTRIBUTION, ETC.
Date of publication, distribution, etc. 2016
300 ## - PHYSICAL DESCRIPTION
Extent 368 стр. 30см.
653 ## - INDEX TERM--UNCONTROLLED
Uncontrolled term Медицина
653 ## - INDEX TERM--UNCONTROLLED
Uncontrolled term Неврологический журнал, №6. том 21. 2016.
653 ## - INDEX TERM--UNCONTROLLED
Uncontrolled term მედიცინა
942 ## - ADDED ENTRY ELEMENTS (KOHA)
Koha item type პერიოდიკა
ეგზემპლარები
Withdrawn status Lost status Damaged status Not for loan Date acquired Barcode Date last seen Price effective from Koha item type Public note
        2018-12-17 p 78875 2018-12-17 2018-12-17 პერიოდიკა პერიოდიკა